000 00577cam a22002053a 4500
001 45992
003 PGUSA
005 20140828084056.0
008 140615s2014||||xxu|||||s|||||000 | eng d
040 _aPGUSA
_beng
042 _adc
100 1 _aHaycraft, John Berry
245 1 0 _aDarwinism and Race Progress
_h[electronic resource] /
_cJohn Berry Haycraft
260 _bProject Gutenberg,
_c2014
506 _aPublic domain in the USA.
516 _aElectronic text
830 0 _aProject Gutenberg
_v45992
856 4 0 _uhttp://www.gutenberg.org/ebooks/45992
942 _cEB
999 _c275241
_d275241